| 000 | 01605nam a2200349 a 4500 | ||
|---|---|---|---|
| 001 | ebr10695792 | ||
| 003 | CaPaEBR | ||
| 006 | m o u | ||
| 007 | cr cn||||||||| | ||
| 008 | 150303s2013 enka s 001 0 eng d | ||
| 020 | _z9781782160069 | ||
| 020 | _z9781782160076 (e-book) | ||
| 040 |
_aCaPaEBR _cCaPaEBR |
||
| 035 | _a(OCoLC)849934090 | ||
| 050 | 1 | 4 |
_aQA76.73.J39 _b.G557 2013eb |
| 082 | 0 | 4 |
_a005.2762 _223 |
| 100 | 1 | _aGliser, Shane. | |
| 245 | 1 | 0 |
_aCreating mobile apps with jQuery mobile _h[electronic resource] : _blearn to make practical, unique, real-world sites that span a variety of industries and technologies with the world's most popular mobile development library / _cShane Gliser. |
| 260 |
_aBirmingham, U.K. : _bPackt Publishing, _cc2013. |
||
| 300 |
_a1 online resource (iv, 234 p.) : _bill. (some col.) |
||
| 500 | _aIncludes index. | ||
| 500 | _a"Community Experience Distilled"--Cover. | ||
| 533 |
_aElectronic reproduction. _bPalo Alto, Calif. : _cebrary, _d2015. _nAvailable via World Wide Web. _nAccess may be limited to ebrary affiliated libraries. |
||
| 588 | _aDescription based on online resource; title from title page (ebrary, viewed May 24, 2013). | ||
| 650 | 0 | _aJavaScript (Computer program language) | |
| 650 | 0 |
_aMobile computing _xProgramming. |
|
| 650 | 0 |
_aApplication software _xDevelopment. |
|
| 650 | 0 | _aQuery languages (Computer science) | |
| 655 | 7 |
_aElectronic books. _2local |
|
| 710 | 2 | _aebrary, Inc. | |
| 856 | 4 | 0 |
_uhttp://site.ebrary.com/lib/rucke/Doc?id=10695792 _zAn electronic book accessible through the World Wide Web; click to view |
| 999 |
_c23930 _d23930 |
||